Normal view MARC view
  • Lahaye.T.

Entry Personal Name

Number of records used in: 1

001 - CONTROL NUMBER

  • control field: 4366

003 - CONTROL NUMBER IDENTIFIER

  • control field: OSt

005 - DATE AND TIME OF LATEST TRANSACTION

  • control field: 20171107143521.0

008 - FIXED-LENGTH DATA ELEMENTS

  • fixed length control field: 171107|| aca||aabn | a|a d

040 ## - CATALOGING SOURCE

  • Original cataloging agency: OSt
  • Transcribing agency: OSt

100 ## - HEADING--PERSONAL NAME

  • Personal name: Lahaye.T.

670 ## - SOURCE DATA FOUND

  • Source citation: Work cat.: (OSt): Lahaye.T., The Rise of Anti christ nicolae, 1994

Powered by Koha